[Event "X C.to Europeo femminile"]
[Site "San Pietroburgo RUS"]
[Date "2009.03.18"]
[Round "10"]
[White "Zimina, Olga"]
[Black "Tsatsalashvili, Keti"]
[Result "0-1"]
[WhiteElo "2363"]
[BlackElo "2231"]
[PlyCount "156"]
[EventDate "2009.03.08"]

1. e4 c5 2. c3 d5 3. exd5 Qxd5 4. d4 Nf6 5. Nf3 Bg4 6. Be2 e6 7. h3 Bh5 8. O-O
Nc6 9. Be3 cxd4 10. cxd4 Be7 11. Nc3 Qa5 12. a3 O-O 13. b4 Qd8 14. Qd2 Rc8 15.
Rfd1 Nxb4 16. Rdb1 Nc6 17. Rxb7 Na5 18. Rbb1 Bxf3 19. Bxf3 Nc4 20. Qc1 Nd5 21.
Nxd5 exd5 22. Rb3 Qd7 23. Qd1 a5 24. Qd3 a4 25. Rbb1 Rb8 26. Rc1 g6 27. Bh6
Rfd8 28. Re1 Re8 29. Ra2 Bxa3 30. Rae2 Rxe2 31. Qxe2 Bf8 32. Bf4 Rc8 33. Bg4 f5
34. Bf3 a3 35. Qe6+ Qxe6 36. Rxe6 Rd8 37. Ra6 Bb4 38. Bc1 Nb2 39. Ra7 Bf8 40.
Bg5 Rd6 41. Rxa3 Nc4 42. Ra7 h6 43. Bf4 Rd8 44. Rb7 Bg7 45. Rb5 Kh7 46. Bxd5
Na3 47. Rc5 Bxd4 48. Rc7+ Kh8 49. Bf7 g5 50. Bc1 Be5 51. g4 Bxc7 52. Bxa3 fxg4
53. hxg4 Bb6 54. Bb4 Bd4 55. Bg6 Ra8 56. Kg2 Kg7 57. Bf5 Ra2 58. Be1 Kf6 59.
Bc8 Re2 60. Kf1 Rc2 61. Bf5 Rc1 62. Ke2 h5 63. Bd2 Rg1 64. Ba5 hxg4 65. Be4 Ra1
66. Bc7 Ra2+ 67. Kd3 Bxf2 68. Bd8+ Ke5 69. Bxg5 Ra3+ 70. Ke2 Kxe4 71. Kxf2 Kf5
72. Be7 Rd3 73. Kg2 g3 74. Kh3 Kf4 75. Bh4 Rb3 76. Be7 Kf3 77. Bd6 g2 78. Kh2
Rb1 0-1

[Event "III Open I like Elo"]
[Site "Roma ITA"]
[Date "2009.03.11"]
[Round "1"]
[White "Belli, Alessandro"]
[Black "Occhioni, Edmondo"]
[Result "1-0"]
[WhiteElo "1517"]
[BlackElo "1874"]
[PlyCount "39"]
[EventDate "2009.03.11"]

1. e4 e5 2. Nc3 Nf6 3. Bc4 Nxe4 4. Qh5 Nd6 5. Bb3 Nc6 6. Nb5 g6 7. Qf3 f5 8.
Qd5 Qf6 9. Nxc7+ Kd8 10. Nxa8 Ne4 11. d3 Bb4+ 12. c3 Nxc3 13. bxc3 Bxc3+ 14.
Bd2 Bxa1 15. Ba5+ Ke8 16. Nc7+ Kf8 17. Bd2 Kg7 18. Nf3 e4 19. dxe4 fxe4 20.
Qxe4 1-0

[Event "III Open I like Elo"]
[Site "Roma ITA"]
[Date "2009.03.11"]
[Round "1"]
[White "Bogosaljevic, Miodrag"]
[Black "De Lisa, Carmine"]
[Result "1/2-1/2"]
[WhiteElo "2030"]
[BlackElo "1734"]
[PlyCount "66"]
[EventDate "2009.03.11"]

1. d4 Nf6 2. c4 e6 3. Nf3 b6 4. g3 Bb7 5. Bg2 Bb4+ 6. Bd2 Bxd2+ 7. Qxd2 O-O 8.
Nc3 Ne4 9. Qc2 Nxc3 10. bxc3 Nc6 11. Ne5 Nxd4 12. cxd4 Bxg2 13. Rg1 Bb7 14. e4
c5 15. dxc5 bxc5 16. Rd1 d6 17. Ke2 Qc7 18. Ng4 f5 19. exf5 Rxf5 20. f4 Qc6 21.
Rgf1 Raf8 22. Qd3 d5 23. Ne5 Qa4 24. Rd2 dxc4 25. Nxc4 Ba6 26. Rc1 Rd5 27. Qe4
Re8 28. Ke1 Rxd2 29. Nxd2 Qb5 30. Qe5 c4 31. Qxb5 Bxb5 32. a4 Bxa4 33. Rxc4 Bb5
1/2-1/2

[Event "III Open I like Elo"]
[Site "Roma ITA"]
[Date "2009.03.11"]
[Round "1"]
[White "Castelfranchi, Carlo"]
[Black "Ruotolo, Claudio"]
[Result "1-0"]
[WhiteElo "2081"]
[BlackElo "1757"]
[PlyCount "61"]
[EventDate "2009.03.11"]

1. e4 g6 2. d4 Bg7 3. Bc4 d6 4. Qe2 c6 5. Nc3 Qb6 6. Nf3 Nh6 7. h3 Nd7 8. Bb3
e5 9. dxe5 Nxe5 10. Be3 Nxf3+ 11. gxf3 Qc7 12. Qd2 Ng8 13. O-O-O Ne7 14. Qxd6
Qxd6 15. Rxd6 O-O 16. Rd3 b6 17. Bg5 Re8 18. h4 h6 19. Bf4 Ba6 20. Rd7 Bxc3 21.
bxc3 Be2 22. Rh3 Kg7 23. Be5+ Kf8 24. Bd6 Ba6 25. Rg3 Bb5 26. a4 Ba6 27. f4 Bc8
28. Rc7 a5 29. h5 gxh5 30. f5 f6 31. Rg8# 1-0

[Event "III Open I like Elo"]
[Site "Roma ITA"]
[Date "2009.03.11"]
[Round "1"]
[White "Felici, Ettore"]
[Black "Di Mauro, Giuseppe"]
[Result "0-1"]
[WhiteElo "1691"]
[BlackElo "1943"]
[PlyCount "88"]
[EventDate "2009.03.11"]

1. f4 d5 2. Nf3 c5 3. e3 Nf6 4. Bb5+ Bd7 5. Qe2 Qb6 6. Bxd7+ Nbxd7 7. O-O e6 8.
b3 Rc8 9. d3 Be7 10. Kh1 O-O 11. Nbd2 Rfd8 12. Bb2 Qc7 13. Ne5 b5 14. Ndf3 c4
15. dxc4 bxc4 16. bxc4 dxc4 17. Bd4 Ne4 18. Nxd7 Rxd7 19. Ne5 Rd5 20. c3 f6 21.
Qg4 f5 22. Qh5 Bf6 23. Rad1 Ra5 24. Qe2 Bxe5 25. fxe5 Ra3 26. Rc1 Qa5 27. g4
Rxa2 28. Rc2 Rxc2 29. Qxc2 Qd5 30. Kg1 Ng5 31. Qg2 Qxg2+ 32. Kxg2 fxg4 33. Bxa7
Ra8 34. Bc5 Ra2+ 35. Rf2 Rxf2+ 36. Kxf2 Ne4+ 37. Kg2 Nxc5 38. Kg3 Ne4+ 39. Kxg4
Nxc3 40. Kf3 Kf7 41. e4 Kg6 42. Ke3 Kg5 43. Kd4 Kf4 44. Kxc3 Kxe4 0-1

[Event "III Open I like Elo"]
[Site "Roma ITA"]
[Date "2009.03.11"]
[Round "1"]
[White "Gardon, Ermanno"]
[Black "Castillo, Juan"]
[Result "1-0"]
[WhiteElo "2144"]
[BlackElo "1784"]
[PlyCount "85"]
[EventDate "2009.03.11"]

1. Nf3 d5 2. g3 Nf6 3. Bg2 e6 4. O-O c5 5. d3 Nc6 6. Nbd2 Be7 7. e4 O-O 8. Qe2
Re8 9. e5 Nd7 10. Re1 Qc7 11. Nf1 b6 12. Bf4 Ba6 13. h4 Bf8 14. N1h2 Rac8 15.
h5 Nd4 16. Nxd4 cxd4 17. Rec1 Qd8 18. Qg4 Kh8 19. Nf3 Bc5 20. h6 g6 21. Bg5 Be7
22. Bxe7 Qxe7 23. Qxd4 Rc5 24. c3 Qf8 25. Qe3 Nb8 26. Bf1 Rc7 27. a4 Rec8 28.
a5 b5 29. Nd4 Qe7 30. Nb3 Nd7 31. Nd4 Nc5 32. c4 bxc4 33. dxc4 dxc4 34. Bxc4
Bb7 35. Nb5 Rd7 36. Nd6 Rcc7 37. Bb5 Rxd6 38. exd6 Qxd6 39. b4 Qd5 40. f3 Nb3
41. Rxc7 Nxa1 42. Rc8+ Bxc8 43. Qc3+ 1-0

[Event "III Open I like Elo"]
[Site "Roma ITA"]
[Date "2009.03.11"]
[Round "1"]
[White "Giuliani, Sante"]
[Black "Gerlando, Onofrio"]
[Result "1-0"]
[WhiteElo "1935"]
[BlackElo "1668"]
[PlyCount "103"]
[EventDate "2009.03.11"]

1. Nf3 Nc6 2. g3 e5 3. d3 Bc5 4. Bg2 Nge7 5. O-O d5 6. c3 Be6 7. b4 Bd6 8. Nbd2
a6 9. a4 Na7 10. e4 c6 11. Re1 Ng6 12. Nb3 O-O 13. Ng5 Qe7 14. Nxe6 Qxe6 15.
exd5 cxd5 16. Be3 Nc6 17. Nc5 Bxc5 18. Bxc5 Rfd8 19. Qh5 Qf6 20. Ra2 Rab8 21.
Bb6 Rd7 22. a5 Nce7 23. Bh3 Rbd8 24. Bxd8 Rxd8 25. Rae2 Qc6 26. Rc2 d4 27. Rec1
dxc3 28. Rxc3 Qb5 29. Qg4 f5 30. Qc4+ Qd5 31. Bg2 Qxc4 32. Rxc4 Rb8 33. Rc7 Kf8
34. Rxb7 Rd8 35. Rb6 Rxd3 36. Rxa6 e4 37. b5 Ne5 38. b6 N7c6 39. b7 Rb3 40.
Raxc6 Rxb7 41. Rc8+ Ke7 42. R8c7+ Rxc7 43. Rxc7+ Kd6 44. Rxg7 h6 45. a6 Nc6 46.
a7 Nxa7 47. Rxa7 Ke5 48. Rh7 f4 49. gxf4+ Kxf4 50. Rxh6 e3 51. fxe3+ Kxe3 52.
Rf6 1-0

[Event "III Open I like Elo"]
[Site "Roma ITA"]
[Date "2009.03.11"]
[Round "1"]
[White "Iacoacci, Giancarlo"]
[Black "Antonelli, Mauro"]
[Result "0-1"]
[WhiteElo "1745"]
[BlackElo "2075"]
[PlyCount "120"]
[EventDate "2009.03.11"]

1. d4 Nf6 2. Nf3 d6 3. Nc3 Nbd7 4. e4 e5 5. Bg5 Be7 6. Be2 c6 7. O-O O-O 8.
dxe5 dxe5 9. a3 a5 10. Qd2 Qc7 11. Rad1 Nc5 12. Bxf6 Bxf6 13. Qc1 Bg4 14. Rfe1
b5 15. Qe3 Ne6 16. h3 Bh5 17. Nh2 Bg5 18. Qg3 Bf4 19. Qh4 Bg6 20. Nf3 b4 21.
Nb1 f6 22. Bc4 Bf7 23. g3 Bh6 24. Qg4 Qc8 25. Rd6 Nc5 26. Bxf7+ Rxf7 27. Qxc8+
Rxc8 28. Nh4 g6 29. c3 b3 30. Nd2 Bf8 31. Nc4 Bxd6 32. Nxd6 Rd8 33. Nxf7 Kxf7
34. Nf3 Rd3 35. Kg2 g5 36. Re2 h5 37. Nd2 a4 38. g4 h4 39. Nc4 Ke7 40. f3 Kd7
41. Rd2 Kc7 42. Re2 Ne6 43. Rf2 Nf4+ 44. Kh2 Kb7 45. Rd2 Rxd2+ 46. Nxd2 Kb6 47.
Kg1 Nd3 48. Nc4+ Kc5 49. Nd2 Nxb2 50. Kf2 Nd3+ 51. Ke3 Nf4 52. Nf1 b2 53. Nd2
Nxh3 54. Kd3 Ng1 55. Kc2 h3 56. Nf1 Nxf3 57. Kxb2 h2 58. Ng3 Kc4 59. Kc2 c5 60.
Nh1 Ng1 0-1

[Event "III Open I like Elo"]
[Site "Roma ITA"]
[Date "2009.03.11"]
[Round "1"]
[White "Marigliani, Cristiano"]
[Black "Sicilia, Antonino"]
[Result "1-0"]
[WhiteElo "1817"]
[BlackElo "1410"]
[PlyCount "91"]
[EventDate "2009.03.11"]

1. e4 c5 2. Nf3 Nc6 3. d4 cxd4 4. Nxd4 Nxd4 5. Qxd4 e6 6. Nc3 a6 7. a4 Rb8 8.
Bf4 Ra8 9. Be2 Qf6 10. e5 Qg6 11. Qe4 Qxe4 12. Nxe4 Bb4+ 13. c3 Ba5 14. Nd6+
Kf8 15. Bf3 Rb8 16. O-O Ne7 17. Be3 Nd5 18. Bxd5 exd5 19. Rfd1 g6 20. Rxd5 Bc7
21. Bc5 b6 22. Ba3 Bb7 23. Nxb7+ Ke8 24. Nd6+ Ke7 25. Nb5+ Kd8 26. Nxc7 Kxc7
27. Bd6+ Kc6 28. Bxb8 Kxd5 29. Bd6 Kc4 30. Rd1 Kb3 31. Ba3 Rd8 32. Rd6 Kxa4 33.
Rxb6 Ka5 34. Rf6 Re8 35. Bd6 Ka4 36. Rxf7 Kb3 37. Rxd7 h5 38. Rb7+ Kc2 39. c4
a5 40. c5 a4 41. c6 Ra8 42. c7 Kb1 43. Rb8 Ra5 44. c8=Q Rd5 45. g3 Rd2 46. Qc3
1-0

[Event "III Open I like Elo"]
[Site "Roma ITA"]
[Date "2009.03.11"]
[Round "1"]
[White "Mazza, Maurizio"]
[Black "Marino, Giovanni"]
[Result "0-1"]
[WhiteElo "1711"]
[BlackElo "1969"]
[PlyCount "68"]
[EventDate "2009.03.11"]

1. e4 c5 2. Nf3 d6 3. c3 Nf6 4. e5 Nd5 5. d4 cxd4 6. exd6 Qxd6 7. Nxd4 a6 8.
Nd2 e6 9. N2f3 Be7 10. Bd3 h6 11. O-O O-O 12. Re1 Nd7 13. Bc2 b6 14. Qd3 N5f6
15. Qe2 Re8 16. h3 Bb7 17. Be3 Rad8 18. Rad1 Qb8 19. Qd2 Bf8 20. Qc1 e5 21. Nf5
e4 22. Bf4 Qa8 23. N3h4 Nc5 24. Qe3 Nd5 25. Qg3 Nxf4 26. Qxf4 Qb8 27. Qg4 Kh8
28. Rd4 Rxd4 29. cxd4 Nd3 30. Re3 Nxb2 31. Bxe4 Nc4 32. Re2 Bxe4 33. Rxe4 Nd2
34. Qe2 Nxe4 0-1

[Event "III Open I like Elo"]
[Site "Roma ITA"]
[Date "2009.03.11"]
[Round "1"]
[White "Migliozzi, Giuseppe"]
[Black "Roberti, Bruno"]
[Result "0-1"]
[WhiteElo "1732"]
[BlackElo "1990"]
[PlyCount "58"]
[EventDate "2009.03.11"]

1. Nf3 d5 2. b3 Bg4 3. Bb2 e6 4. e3 Nf6 5. Be2 Bd6 6. O-O Nbd7 7. d4 O-O 8.
Nbd2 Qe7 9. c4 c6 10. c5 Bc7 11. h3 Bh5 12. b4 e5 13. Re1 e4 14. Nh2 Bxe2 15.
Qxe2 Ne8 16. a4 f5 17. Nhf1 Qh4 18. f4 g5 19. fxg5 Qxg5 20. b5 Rf6 21. a5 a6
22. b6 Bb8 23. Rac1 Rh6 24. Kh1 Nef6 25. Nb1 Nh5 26. Qf2 Ndf6 27. h4 Ng3+ 28.
Nxg3 Bxg3 29. Qf1 Qxh4+ 0-1

[Event "III Open I like Elo"]
[Site "Roma ITA"]
[Date "2009.03.11"]
[Round "1"]
[White "Napoli, Nicolo'"]
[Black "Pastore, Cosmas"]
[Result "1-0"]
[WhiteElo "2313"]
[BlackElo "1806"]
[PlyCount "55"]
[EventDate "2009.03.11"]

1. d4 d5 2. Nc3 Nf6 3. Bg5 Bf5 4. Bxf6 gxf6 5. e3 e6 6. h4 h5 7. Nh3 Bb4 8. Nf4
Qe7 9. Nxh5 Rg8 10. Ng3 Bxc3+ 11. bxc3 Qa3 12. Kd2 Bh7 13. Bd3 Bxd3 14. cxd3
Qb2+ 15. Qc2 Qxc2+ 16. Kxc2 Nd7 17. Rab1 b6 18. Rh2 Ke7 19. Ne2 Rh8 20. g3 f5
21. Nf4 Nf6 22. Kd2 Ng4 23. Rg2 Rag8 24. Ke2 a5 25. Rgg1 Rg7 26. Rgc1 Kd6 27.
c4 dxc4 28. dxc4 1-0

[Event "III Open I like Elo"]
[Site "Roma ITA"]
[Date "2009.03.11"]
[Round "1"]
[White "Pala, Giorgio"]
[Black "Colantonio, Marco"]
[Result "1-0"]
[WhiteElo "1962"]
[BlackElo "1695"]
[PlyCount "35"]
[EventDate "2009.03.11"]

1. e4 d6 2. d4 Nf6 3. Nc3 g6 4. f3 Bg7 5. Be3 O-O 6. Bc4 c6 7. Bb3 b5 8. a3 a5
9. Qd2 Re8 10. Nge2 a4 11. Ba2 Na6 12. O-O Qa5 13. Rfd1 b4 14. axb4 Nxb4 15.
Bc4 d5 16. Rxa4 Qxa4 17. Nxa4 Rxa4 18. Bb3 1-0

[Event "III Open I like Elo"]
[Site "Roma ITA"]
[Date "2009.03.11"]
[Round "1"]
[White "Sermoneta, Eugenio"]
[Black "Testa, Adriano"]
[Result "0-1"]
[WhiteElo "1784"]
[BlackElo "2124"]
[PlyCount "44"]
[EventDate "2009.03.11"]

1. c4 e6 2. Nc3 d5 3. cxd5 exd5 4. d4 c6 5. Nf3 Bf5 6. e3 Nf6 7. Bd3 Bxd3 8.
Qxd3 Bd6 9. O-O Nbd7 10. e4 dxe4 11. Re1 O-O 12. Nxe4 Nxe4 13. Rxe4 Re8 14. Bg5
Qb6 15. Rc1 Rxe4 16. Qxe4 Qa5 17. Qg4 Nf8 18. a3 Qb5 19. g3 Qd5 20. Nh4 Ne6 21.
Nf5 h5 22. Qxh5 Qxf5 0-1

[Event "III Open I like Elo"]
[Site "Roma ITA"]
[Date "2009.03.11"]
[Round "1"]
[White "Simeone, Giulio"]
[Black "Carotenuto, Piero"]
[Result "1-0"]
[WhiteElo "1983"]
[BlackElo "1724"]
[PlyCount "101"]
[EventDate "2009.03.11"]

1. e4 e5 2. Nc3 Nf6 3. f4 d5 4. d4 exd4 5. Qxd4 dxe4 6. Qe5+ Be7 7. Bb5+ c6 8.
Bc4 O-O 9. Nge2 Nbd7 10. Qg5 Nb6 11. Bb3 Nfd5 12. Qh5 f5 13. Be3 Be6 14. O-O-O
Qc8 15. Nd4 g6 16. Qh3 Bf7 17. Nxd5 Bxd5 18. Rhg1 c5 19. Nxf5 Qxf5 20. Qxf5
gxf5 21. Bxd5+ Nxd5 22. Rxd5 b6 23. g4 Rad8 24. gxf5+ Kf7 25. Re5 Kf6 26. Re6+
Kf7 27. Rxe4 Bf6 28. c3 Rd5 29. Rd1 Rfd8 30. Rxd5 Rxd5 31. Kc2 Rxf5 32. Kb3 Be7
33. Kc4 Rh5 34. Bg1 Rh6 35. Kb5 Rg6 36. Re1 Rg2 37. Rb1 a5 38. Kxb6 Bd6 39.
Kxa5 Ke6 40. Kb5 Bxf4 41. Bxc5 Rxh2 42. a4 Rh5 43. Re1+ Kd7 44. Re7+ Kc8 45. b4
Bd6 46. Re8+ Kb7 47. a5 Bxc5 48. bxc5 Rh3 49. a6+ Ka7 50. Re7+ Ka8 51. Kb6 1-0

[Event "III Open I like Elo"]
[Site "Roma ITA"]
[Date "2009.03.11"]
[Round "1"]
[White "Tognotti, Andrea"]
[Black "De Maria, Isaia"]
[Result "1/2-1/2"]
[WhiteElo "1609"]
[BlackElo "1884"]
[PlyCount "71"]
[EventDate "2009.03.11"]

1. c4 e5 2. Nc3 Nf6 3. Nf3 Nc6 4. g3 d5 5. cxd5 Nxd5 6. Nxd5 Qxd5 7. Bg2 Be6 8.
O-O Qd7 9. Re1 Be7 10. Qc2 O-O 11. d3 f5 12. Bg5 Rad8 13. Bxe7 Qxe7 14. e3 Nb4
15. Qa4 Nxd3 16. Re2 a6 17. Ne1 e4 18. Nxd3 Rxd3 19. Rc2 Rfd8 20. Bf1 Rd1 21.
Rxd1 Rxd1 22. Rxc7 Rd7 23. Rxd7 Bxd7 24. Qd4 Bc6 25. Bc4+ Kh8 26. h4 h6 27. a3
Kh7 28. Bd5 Bxd5 29. Qxd5 g6 30. Kf1 Qc7 31. Kg2 Kg7 32. Qd4+ Kg8 33. Qd5+ Qf7
34. Qd8+ Kg7 35. Qd4+ Qf6 36. Qd7+ 1/2-1/2

[Event "III Open I like Elo"]
[Site "Roma ITA"]
[Date "2009.03.11"]
[Round "1"]
[White "Vannelli, Vittorio"]
[Black "Sellitto, Pietro"]
[Result "1/2-1/2"]
[WhiteElo "1871"]
[BlackElo "1467"]
[PlyCount "109"]
[EventDate "2009.03.11"]

1. e4 e5 2. Nc3 Nf6 3. f4 d6 4. fxe5 dxe5 5. Nf3 Bd6 6. d4 Nbd7 7. dxe5 Nxe5 8.
Nxe5 Bxe5 9. Qxd8+ Kxd8 10. Bg5 h6 11. O-O-O+ Bd7 12. Bxf6+ Bxf6 13. Nb5 a6 14.
Nd4 Bxd4 15. Rxd4 Ke7 16. Bc4 Bc6 17. Rf1 Rhf8 18. c3 f6 19. Re1 Rad8 20. e5
Rxd4 21. exf6+ Kxf6 22. Re6+ Kg5 23. cxd4 Re8 24. Rxe8 Bxe8 25. Bd5 c6 26. Be6
a5 27. Kd2 Kf6 28. Bc8 b6 29. Bb7 Ke6 30. Ke3 Kd6 31. Bc8 Bf7 32. a3 Bd5 33. g3
g5 34. Bg4 b5 35. b4 axb4 36. axb4 Ke7 37. Bf5 Kf6 38. Be4 Ke6 39. h4 Kf6 40.
Kf3 h5 41. Ke3 Bxe4 42. Kxe4 gxh4 43. gxh4 Ke6 44. Kf4 Kd5 45. Kg5 Kxd4 46.
Kxh5 c5 47. bxc5 Kxc5 48. Kg5 b4 49. h5 b3 50. h6 b2 51. h7 b1=Q 52. h8=Q Qg1+
53. Kh6 Qh1+ 54. Kg7 Qxh8+ 55. Kxh8 1/2-1/2

[Event "III Open I like Elo"]
[Site "Roma ITA"]
[Date "2009.03.11"]
[Round "1"]
[White "Vanzan, Alessandro"]
[Black "Quimi, Marco"]
[Result "0-1"]
[WhiteElo "1788"]
[BlackElo "2245"]
[PlyCount "56"]
[EventDate "2009.03.11"]

1. c4 c5 2. Nf3 Nf6 3. Nc3 g6 4. g3 Bg7 5. Bg2 O-O 6. O-O Nc6 7. Rb1 d6 8. d3
Rb8 9. Bd2 Bg4 10. a3 Qd7 11. Re1 a6 12. b4 cxb4 13. axb4 b5 14. cxb5 axb5 15.
Qc1 Rfc8 16. Bh6 Bh8 17. Qd2 Bh3 18. Bh1 Ng4 19. Ne4 Nxh6 20. Qxh6 Bg7 21. Qh4
h6 22. Ned2 g5 23. Qe4 f5 24. Qd5+ e6 25. Qb3 g4 26. Nh4 Nd4 27. Qa2 Rc2 28.
Rb2 Nxe2+ 0-1

[Event "III Open I like Elo"]
[Site "Roma ITA"]
[Date "2009.03.11"]
[Round "1"]
[White "Vertechi, Pietro"]
[Black "Capitani, Roberto"]
[Result "1-0"]
[WhiteElo "1882"]
[BlackElo "1606"]
[PlyCount "51"]
[EventDate "2009.03.11"]

1. d4 Nf6 2. c4 e6 3. Nc3 Bb4 4. e3 O-O 5. Bd3 d5 6. Nf3 b6 7. O-O dxc4 8. Bxc4
Ba6 9. Bxa6 Nxa6 10. Qe2 Nb8 11. e4 Nbd7 12. e5 Ne8 13. Qe4 Qc8 14. Ng5 g6 15.
Qh4 h5 16. Nge4 Ng7 17. g4 Qd8 18. Bg5 f6 19. exf6 Nf5 20. gxf5 Kf7 21. fxe6+
Kxe6 22. f7 Qc8 23. Qf4 Bxc3 24. d5+ Kxd5 25. Nxc3+ Kc5 26. Be7+ 1-0

[Event "III Open I like Elo"]
[Site "Roma ITA"]
[Date "2009.03.18"]
[Round "2"]
[White "Antonelli, Mauro"]
[Black "Vertechi, Pietro"]
[Result "1-0"]
[WhiteElo "2075"]
[BlackElo "1882"]
[PlyCount "69"]
[EventDate "2009.03.11"]

1. c4 c6 2. Nf3 d5 3. e3 Nf6 4. Nc3 Nbd7 5. d4 e6 6. a3 Bd6 7. cxd5 exd5 8. Bd3
O-O 9. O-O Qe7 10. Qc2 Re8 11. Bf5 g6 12. Bh3 Ne4 13. g3 f5 14. Bg2 Kh8 15. Ne2
Rg8 16. Nh4 Nf8 17. f3 Nf6 18. Bd2 Be6 19. Rae1 Qd7 20. e4 fxe4 21. Bg5 Be7 22.
fxe4 Nxe4 23. Bxe7 Qxe7 24. Bxe4 dxe4 25. Qxe4 Qg7 26. Nf4 Bc4 27. Rf2 Rd8 28.
Nf3 Nd7 29. Qc2 Nb6 30. Ne5 Rge8 31. Re4 Bg8 32. Nfxg6+ hxg6 33. Rh4+ Bh7 34.
Rf7 Rxe5 35. Rxg7 1-0

[Event "III Open I like Elo"]
[Site "Roma ITA"]
[Date "2009.03.18"]
[Round "2"]
[White "Barbieri, Massimiliano"]
[Black "Simeone, Giulio"]
[Result "0-1"]
[WhiteElo "1296"]
[BlackElo "1983"]
[PlyCount "128"]
[EventDate "2009.03.11"]

1. e4 c6 2. d4 d5 3. exd5 cxd5 4. Bd3 Nc6 5. Nf3 Nf6 6. O-O Bg4 7. Nbd2 g6 8.
Nb3 Bg7 9. h3 Bf5 10. Bxf5 gxf5 11. Qd3 Ne4 12. Qb5 Qd7 13. Nc5 Nxc5 14. Qxc5
Rc8 15. Re1 O-O 16. Qb5 Rc7 17. c3 Ne5 18. Qe2 Nxf3+ 19. Qxf3 Kh8 20. Bf4 Rc6
21. Qh5 Rg6 22. Re3 Re8 23. Rae1 Bf6 24. Be5 Bxe5 25. Rxe5 e6 26. R5e3 Reg8 27.
Rg3 Rxg3 28. fxg3 Rxg3 29. Qh4 Rg6 30. Qf4 Qd8 31. Re2 a6 32. Rc2 b5 33. b3 Qg5
34. Qb8+ Kg7 35. Qa7 Qe3+ 36. Kh2 Qg3+ 37. Kg1 Qxh3 38. Qc7 Qg3 39. Qxg3 Rxg3
40. Kf2 Rg4 41. a3 Kf6 42. c4 Rxd4 43. c5 Ke7 44. c6 Kd8 45. c7+ Kc8 46. Rc6
Rd2+ 47. Kg3 e5 48. Rxa6 Rd3+ 49. Kh4 Rxb3 50. Kg5 Kxc7 51. a4 b4 52. a5 d4 53.
Ra7+ Kb8 54. Rxf7 d3 55. Rxf5 d2 56. Rf1 e4 57. Kf4 e3 58. Kf3 Rc3 59. Rb1 b3
60. Ke2 Ka7 61. Rh1 Rc1 62. Rxh7+ Ka6 63. Rd7 b2 64. g4 b1=Q 0-1

[Event "III Open I like Elo"]
[Site "Roma ITA"]
[Date "2009.03.18"]
[Round "2"]
[White "Bonaposta, Fabrizio"]
[Black "Belli, Alessandro"]
[Result "1-0"]
[WhiteElo "2044"]
[BlackElo "1517"]
[PlyCount "55"]
[EventDate "2009.03.11"]

1. e4 c6 2. d4 d5 3. exd5 cxd5 4. c4 Nf6 5. Nc3 e6 6. Nf3 Bb4 7. Qb3 Nc6 8.
cxd5 Nxd5 9. Bb5 Bd7 10. O-O Bxc3 11. bxc3 O-O 12. Bd3 Na5 13. Qc2 g6 14. Bh6
Re8 15. Qd2 Rc8 16. Rac1 Nc4 17. Qe2 Qc7 18. Qe4 Ne7 19. Qh4 Nd5 20. Bxc4 Qxc4
21. Ne5 Qc7 22. c4 Ne7 23. Qf6 Nf5 24. Qxf7+ Kh8 25. Bg5 Rg8 26. Bf6+ Ng7 27.
Nxg6+ hxg6 28. Qxg6 1-0

[Event "III Open I like Elo"]
[Site "Roma ITA"]
[Date "2009.03.18"]
[Round "2"]
[White "Capitani, Roberto"]
[Black "Iacoacci, Giancarlo"]
[Result "0-1"]
[WhiteElo "1606"]
[BlackElo "1745"]
[PlyCount "59"]
[EventDate "2009.03.11"]

1. e4 c6 2. d4 d5 3. e5 c5 4. Nf3 cxd4 5. Nxd4 g6 6. Bb5+ Bd7 7. O-O e6 8. Nc3
Bg7 9. Re1 Ne7 10. Na4 a6 11. Bxd7+ Nxd7 12. Nf3 Qc7 13. Qe2 O-O 14. Bg5 Nc6
15. c4 dxc4 16. Rac1 b5 17. Nc3 Ndxe5 18. Kh1 Nd3 19. Rcd1 Nxe1 20. Qxe1 Ne5
21. Qe3 Nd3 22. Qd2 Qb6 23. Be3 Qb7 24. Ne1 Rad8 25. Nxd3 Rxd3 26. Qe2 Rfd8 27.
Bg5 Rxd1+ 28. Nxd1 Rd3 29. Nc3 Qd7 30. h4 0-1

[Event "III Open I like Elo"]
[Site "Roma ITA"]
[Date "2009.03.18"]
[Round "2"]
[White "Colantonio, Marco"]
[Black "Vanzan, Alessandro"]
[Result "1/2-1/2"]
[WhiteElo "1695"]
[BlackElo "1788"]
[PlyCount "140"]
[EventDate "2009.03.11"]

1. e4 c5 2. c3 d6 3. d4 Nf6 4. Bd3 Nc6 5. Ne2 g6 6. Bf4 Bg7 7. d5 Ne5 8. Bxe5
dxe5 9. Nd2 O-O 10. O-O a6 11. c4 Bd7 12. Nc3 Rb8 13. a4 Nh5 14. g3 Bh3 15. Re1
e6 16. Be2 Nf6 17. Nf3 Nd7 18. Qd2 exd5 19. Ng5 Bh6 20. f4 Be6 21. cxd5 Nb6 22.
a5 Nc8 23. Rad1 Bd7 24. h4 Bg7 25. d6 Qxa5 26. Nd5 Qxd2 27. Rxd2 exf4 28. gxf4
Bd4+ 29. Kg2 Nxd6 30. e5 Nf5 31. Nf6+ Kg7 32. Nxd7 Nxh4+ 33. Kh3 h6 34. Nxb8
hxg5 35. Nd7 Rh8 36. fxg5 Nf3+ 37. Kg3 Nxd2 38. Rd1 Ne4+ 39. Kg2 Nxg5 40. b4
Ne6 41. bxc5 Bxc5 42. Bc4 Ba7 43. Nf6 Rc8 44. Bxe6 fxe6 45. Rd7+ Kh6 46. Rxb7
Bb8 47. Nd7 Rc2+ 48. Kf3 Bc7 49. Kf4 g5+ 50. Kg4 Rc4+ 51. Kg3 a5 52. Ra7 a4 53.
Ra6 Rc3+ 54. Kg4 a3 55. Rxe6+ Kg7 56. Kxg5 Bd8+ 57. Kf5 Rf3+ 58. Ke4 Rf7 59.
Nc5 Ra7 60. Nb3 a2 61. Rd6 Ba5 62. e6 Bc3 63. Rd7+ Rxd7 64. exd7 Bf6 65. Kd5
Kf7 66. Kd6 Bd8 67. Na1 Be7+ 68. Kd5 Bf6 69. Nc2 Ke7 70. Kc4 Kxd7 1/2-1/2

[Event "III Open I like Elo"]
[Site "Roma ITA"]
[Date "2009.03.18"]
[Round "2"]
[White "De Lisa, Carmine"]
[Black "Maggi, Fabrizio"]
[Result "1/2-1/2"]
[WhiteElo "1734"]
[BlackElo "2039"]
[PlyCount "80"]
[EventDate "2009.03.11"]

1. e4 e5 2. Nf3 Nc6 3. Bb5 Nf6 4. O-O Nxe4 5. Re1 Nd6 6. Bxc6 dxc6 7. Rxe5+ Be7
8. d3 O-O 9. c3 Bf6 10. Bg5 Bg4 11. Bxf6 Qxf6 12. Re1 Bxf3 13. Qxf3 Qxf3 14.
gxf3 Nf5 15. Nd2 Rad8 16. d4 g6 17. Rad1 Kg7 18. Kg2 Rfe8 19. Ne4 b6 20. b4 Re7
21. Nd2 Rxe1 22. Rxe1 c5 23. bxc5 bxc5 24. Nb3 cxd4 25. Rd1 d3 26. Rd2 Re8 27.
Rxd3 Re2 28. a4 h5 29. Rd7 Ne3+ 30. Kg3 h4+ 31. Kxh4 Rxf2 32. Kg3 Rb2 33. Nc5
Nf5+ 34. Kf4 Rxh2 35. Rxc7 Kf6 36. Ne4+ Ke6 37. Rxa7 Rh4+ 38. Kg5 Rh5+ 39. Kg4
Rh4+ 40. Kg5 Rh5+ 1/2-1/2

[Event "III Open I like Elo"]
[Site "Roma ITA"]
[Date "2009.03.18"]
[Round "2"]
[White "De Maria, Isaia"]
[Black "Vannelli, Vittorio"]
[Result "0-1"]
[WhiteElo "1884"]
[BlackElo "1871"]
[PlyCount "140"]
[EventDate "2009.03.11"]

1. e4 e5 2. Nf3 Nf6 3. Nc3 Nc6 4. Bb5 d6 5. O-O Be7 6. d4 exd4 7. Nxd4 Bd7 8.
Nxc6 bxc6 9. Ba4 O-O 10. Re1 Ng4 11. Bf4 Bf6 12. Qd2 Re8 13. Rad1 c5 14. Bxd7
Qxd7 15. h3 Ne5 16. Nd5 Bd8 17. Bxe5 Rxe5 18. f4 Re8 19. c4 Bh4 20. Re2 Rad8
21. e5 Qc8 22. Qc2 c6 23. Nc3 dxe5 24. fxe5 Rxd1+ 25. Qxd1 Bg3 26. Qd6 Rd8 27.
Qxc5 Qd7 28. Qd6 Qxd6 29. exd6 Bxd6 30. Kf2 Bc5+ 31. Kf3 f5 32. Re5 Bd4 33.
Rxf5 Bxc3 34. bxc3 Rd3+ 35. Ke4 Rxc3 36. Kd4 Rc2 37. Ra5 Rxg2 38. Rxa7 Rg3 39.
Kc5 Rxh3 40. Kxc6 Re3 41. a4 g5 42. Rd7 g4 43. a5 g3 44. Rd2 Ra3 45. Kb6 h5 46.
a6 h4 47. c5 h3 48. c6 h2 49. c7 Rc3 50. Rd8+ Kg7 51. c8=Q Rxc8 52. Rxc8 h1=Q
53. a7 Qg1+ 54. Kb7 Qg2+ 55. Kb6 Qf2+ 56. Kb7 Qf3+ 57. Kb6 g2 58. a8=Q g1=Q+
59. Kc7 Qgg3+ 60. Kb6 Qb3+ 61. Kc6 Qc4+ 62. Kd7 Qgg4+ 63. Kd8 Qg5+ 64. Kd7 Qf5+
65. Kd8 Qf8+ 66. Kd7 Qcf7+ 67. Kc6 Qc4+ 68. Kd7 Qcf7+ 69. Kc6 Qf3+ 70. Kd7 Qxa8
0-1

[Event "III Open I like Elo"]
[Site "Roma ITA"]
[Date "2009.03.18"]
[Round "2"]
[White "Di Mauro, Giuseppe"]
[Black "Napoli, Nicolo'"]
[Result "0-1"]
[WhiteElo "1943"]
[BlackElo "2313"]
[PlyCount "70"]
[EventDate "2009.03.11"]

1. c4 b5 2. cxb5 a6 3. bxa6 Bxa6 4. Nf3 g6 5. g3 Bg7 6. Bg2 Nf6 7. O-O O-O 8.
Nc3 d5 9. d4 Nbd7 10. Ne5 e6 11. Bg5 h6 12. Nxd7 Qxd7 13. Bxf6 Bxf6 14. Qd2
Rab8 15. Rfc1 Rb4 16. Nxd5 exd5 17. Qxb4 Bxe2 18. Re1 Bb5 19. a4 Bc4 20. Bf1
Qg4 21. Rad1 Bxd4 22. Bxc4 dxc4 23. Kg2 c5 24. Qxc4 h5 25. f3 Qf5 26. Rxd4 cxd4
27. Qxd4 Qc2+ 28. Kg1 Rb8 29. a5 Kh7 30. b4 Qb3 31. Re4 Rc8 32. Re3 Qa2 33. Kf1
Rc2 34. Re1 Rxh2 35. Qg1 Qc4+ 0-1